000 00497nam a2200193 a 4500
001 1773128579531
003 YourLibrary
005 20260310131720.0
008 260310s2006##################000#0#eng##
020 _a9780143036586
082 0 4 _a339.46091
_bSAC
100 1 _aSachs, Jeffrey D.,
_eauthor.
245 1 0 _aThe End of Poverty :
260 _bPenguin,
_c2006.
300 _a465 pages
650 0 _aBusiness & Economics.
942 _cENGLISH
040 _aYourLibrary
_beng
_cYourLibrary
999 _c617482
_d617482